000 00483nam a22001937a 4500
003 MPLRDC
005 20220104144525.0
008 210129b ||||| |||| 00| 0 eng d
020 _a7-80504-933-5
082 _a294.1 HDB
100 _a汉宝德
245 _a风水与环境
_c吴晓敏图
250 _a一版一刷
260 _a
_b天津古籍出版社
_c2003
300 _b
490 _a中华天古文化系列
650 _a堪舆--相宅
942 _cBK
_o294.1 HDB
999 _c50444
_d50434